01601nam a22003857a 4500003000500000005001700005008004100022010001000063011001000073035001000083040000900093090001000102100004500112245017600157260003900333300001900372502008300391590003700474590004100511590004100552590004100593590004200634650003300676650003800709650003200747650003100779650002400810901000700834942000900841949004200850949004700892999001700939952013200956952012701088CHAP20220329133831.0971013s1987 r 00010 d a11558 a12530 a15716 cCHAP aTesis00aNoriega Cantú, David Heriberto.981737 aEfecto de productos químicos sobre fitonemátodos asociados a la raíz y el ácaro E. mangiferae S., involucrado en la escoba de bruja en mango cv. Haden Iguala, Gro. aChapingo, Méx :bEl autor,c1987 a88 h.b: ilus. aTesis (Maestro en Ciencias Esp. en Fruticultura) -- CP. Centro de Fruticultura aALEPHb10c20130110lUCH01h1229 aBATCH-UPDb10c20130110lUCH01h1654 aBATCH-UPDb10c20130410lUCH01h1043 aBATCH-UPDb10c20130914lUCH01h1318 aCONVERSIONb10c20130109lUCH01h130814aEriophyes mangiferae.93731814aEscobas de bruja en mango.93753614aMangoxEnfermedades.97041014aMangoxRendimiento.97045514aNematicidas.980808 aBK cFOLL bBCcTESd-27925eTS1h19347i15716si bBCcTESd-88300eTS2fc.2h19348i15716si c11558d11558 00102local4053708TESISaBCbBCcPA_TESISd2019-12-31fTESISl0oTesisp-88300r2019-12-31 00:00:00tc.2w2019-12-31yTESIS 00102local4051708TESISaBCbBCcPA_TESISd2019-12-31fTESISl0oTesisp-27925r2019-12-31 00:00:00w2019-12-31yTESIS